| 000 | 00577nam a2200181 i 4500 | ||
|---|---|---|---|
| 001 | 71073 | ||
| 003 | ES-MaACL | ||
| 005 | 20230906171018.0 | ||
| 007 | t| | ||
| 008 | 040805s1960 sp ||||1| spa d | ||
| 100 | 1 |
_aGassiot Llorens, José ( _d1910-1994) _955915 |
|
| 245 | 1 | 0 |
_aEjercicios y problemas de Física / _cpor José Gassiot ; prólogo de Isidro Pólit Buxareu. |
| 250 | _a2ª ed. | ||
| 260 |
_aBarcelona : _bAlma Mater, _c[1960] ( _fTip. Catalana) |
||
| 300 |
_a315 p. ; _c19 cm. |
||
| 700 | 1 |
_aPólit Buxareu, Isidro. _992830 |
|
| 852 |
_aES-MaACL _jE-2420 _bR.47680 |
||
| 999 |
_c71073 _d71073 |
||